Statistics for Ja, vi elsker dette landet (Anthem of Norway) Lyrics Quiz

Click here to take the quiz!

General Stats

  • This quiz has been taken 263 times
  • The average score is 26 of 31

Answer Stats

Answers% Correct
Ja,
100%
de
99%
det
99%
elsker
99%
elsker,
99%
landet,
99%
vi
99%
dette
98%
frem,
91%
som
90%
stiger
88%
Og
87%
og
87%
over
85%
hjem, —
84%
mor
84%
tusen
83%
vår
82%
far
81%
81%
jord.
78%
den
77%
senker
76%
senker,
76%
med
74%
vannet,
74%
drømmer
70%
furet,
70%
tenker
69%
værbitt
68%
saganatt
64%

Score Distribution

Percentile by Number Answered

Percent of People with Each Score

Your Score History

You have not taken this quiz